000 00747na a2200265 4500
001 13251
003 MIRAKIL
005 20181213155113.0
008 161012b tu 000 0
020 _a9789944611121
035 _a13251
040 _aMilas
_btur
_cTR-AnCHP
041 _atur
082 _a323
_bŞ56ç 2015
090 _a323 Ş56ç 2015
100 _aŞirin, Tolga
245 _aÇevre, insan, devlet
_b(anayasa üzerine güncel denemeler)
_cTolga Şirin; editör Ayşegül Çakan
260 _aİstanbul
_bTekin
_c2015
300 _a255 s.
_c21 sm.
650 _aSiyaset bilimi
_xDevlet
650 _aToplumsal sorunlar
_xSiyaset
650 _aİnsan hakları
_xTürkiye
700 _aÇakan, Ayşegül
942 _2ddc
_cBKS
999 _c6619
_d6619